00732nam a2200217 a 450000500170000000800410001701000140005802000260007202000220009803500130012003700150013304000180014808200130016610000230017924501140020226000510031627000450036730000280041265000500044070000240049020090525123341.0070816s2008 nyua b 001 0 eng  aENG-93699 a9780070091504c150.00 a070091501c150.00 aEN-77232 bDBAD / PUB adplbEnglish  a346.5407 aMadhu Balan, A.K.  aMCQs in Mercantile law:cby A.K. Madhu Balan [and] A.M. Madhuri Devi bfor CA Common Proficiency Test (CPT) / aNew Delhi bTata McGraw-Hill Publishing c2009 a7 West Patel Nagar, bNew Delhi e110008 axii, 233p.:c23cm(pbk)  aCommercial lawxExaminations, questions, etc. aMadhuri Devi, A.M.